000 00933cam a2200289 a 4500
001 13359531
003 ARRUPE
005 20170214120542.0
008 030909s2003 rh a b 000 0 eng
010 _a 2003405595
020 _a0797425268
035 _a(DLC) 2003405595
040 _aDLC
_cDLC
042 _alcode
043 _af-rh---
050 0 0 _aJQ2929.A15
_bM37 2003
100 1 _aMararike, C. G.
_q(Claude G.)
_923438
245 1 4 _aThe role of madzishe in nation building /
_cClaude G. Mararike.
260 _aMount Pleasant, Harare, Zimbabwe :
_bBest Practices Books,
_c2003.
300 _a32 p. :
_bill. ;
_c21 cm.
504 _aIncludes bibliographical references (p. 30-32).
650 0 _aChiefdoms
_zZimbabwe.
_928823
651 0 _aZimbabwe
_xPolitics and government.
_928824
906 _a7
_bcbc
_corigode
_d3
_encip
_f20
_gy-gencatlg
942 _2lcc
_cMONOGRAPH
999 _c126116
_d126116